000 00294 a2200157 4500
001 161649
020 _a
040 _cMagnum
100 _aBoura, Clenio
240 1 0 _aA descoberta
_lpor
245 1 0 _aA descoberta
362 0 _a1899
440 1 _aLĂȘ
697 _aI/GERAL
942 _cBK
999 _c161649
_d161649